1873 1015 1230 1980 1889 1078 1943 1455 1199 1358 1677 1550 1227 1294 1512 1793 1000 1624 1649 1881 1714 1185 1934 1205 1004 1864 1956 1238 1901 1741 1646 1799 1342 1879 1024 1530 1720 1395 1355 1786 1163 1040 1061 1302 1811 1376 1577 1103 1596 1912 1742 1359 1156 1113 1355 1871 1548 1638 1189 1573 1984 1457 1123 1480 1543 1340 1833 1746 1454 1501 1759 1327 1283 1917 1907 1472 1438 1451 1489 1280 1322 1316 1319 1144 1922 1582 1016 1986 1875 1773 1391 1671 1174 1390 1052 1696 1290 1530 1074 BCNSPRNW ULIB Ver.6.0+V

เปลี่ยนเป็นภาษาไทย

Change to English
 แสดงรายละเอียดบรรณานุกรม
  กลับหน้าหลัก

Brief Record : Get Marc (ISO 2709) : E-mail record : QR code < ปิดหน้าต่าง
LEADER : 00000nam 2200000uu 4500
001    13399122076
003     ULIB
008    020711s2547 th a 000 0 tha d
020    9747068982
060    WJ301^bม335ก
100    มัณฑนา ภาณุมาภรณ์
245    การบริบาลทางเภสัชกรรมในผู้ป่วยโรคไต/ ^cมัณฑนา ภาณุมาภรณ์
250    พิมพ์ครั้งที่ 1
260    สมุทรปราการ :^bมหาวิทยาลัยหัวเฉียวเฉลิมพระเกียรติ,^c2547
300    141 หน้า
650    โรคไต^xยา
945    ^p200^l0^i13359
945    ^p200^l0^i13360
999    ^aทศพร เกษรทอง
รายการนี้ยังไม่มีแท็ก
คุณยังไม่ได้ล็อกอิน คุณสามารถมีกิจกรรมร่วมกับเว็บไซต์ได้ แต่ต้องล็อกอินก่อน ::
  ล็อกอิน

รายการสื่อสารสนเทศ

ลำดับที่ ประเภท เลขเรียก/บาร์โค้ด สถานที่ สถานะ
1. วิทยาศาสตร์การแพทย์ และสุขภาพ
วิทยาศาสตร์การแพทย์ และสุขภาพ
WJ301 ม335ก ฉ.1 
  Barcode: 13359
ห้องสมุดวิทยาเขตสวรรค์ประชารักษ์
►หนังสือทั่วไป
ถูกยืม กำหนดส่งวันที่ 15 พฤษภาคม 2558
  จอง
2. วิทยาศาสตร์การแพทย์ และสุขภาพ
วิทยาศาสตร์การแพทย์ และสุขภาพ
WJ301 ม335ก ฉ.2 
  Barcode: 13360
ห้องสมุดวิทยาเขตสวรรค์ประชารักษ์
►หนังสือทั่วไป
บนชั้น

รายการใกล้เคียง
    ผู้แต่ง [มัณฑนา ภาณุมาภรณ์]

BibComment


ยังไม่เคยถูกคอมเมนท์

คอมเมนท์ทรัพยากรรายการนี้
  คอมเมนท์: การบริบาลทางเภสัช..


 Copyright 2026. Bcnsprnw @Library